Základy účetnictví

Pokračovanie z č. 8/2009. Peňažné toky z investičnej činnosti. Peňažné toky z financovania. Problematika zahrnutia peňažných tokov z úrokov a dividend do jednotlivých činností. Príklad.

Salvato in:
Dettagli Bibliografici
Autore principale: Dvořáková, Dana
Natura: Capitolo di libro
Lingua:ceco
Soggetti:
Tags: Aggiungi Tag
Nessun Tag, puoi essere il primo ad aggiungerne!!

MARC

LEADER 00000naa$a2200000$$$4500
001 0107433
005 20230925091424.3
041 0 |a cze 
044 |a CZ 
245 1 0 |a Základy účetnictví  |c Dana Dvořáková 
520 |a Pokračovanie z č. 8/2009. Peňažné toky z investičnej činnosti. Peňažné toky z financovania. Problematika zahrnutia peňažných tokov z úrokov a dividend do jednotlivých činností. Príklad. 
610 2 0 |a účtovníctvo 
610 2 0 |a cash flow 
610 2 0 |a zdroje finančné 
610 2 0 |a výkazy finančné 
610 2 0 |a úrok 
610 2 0 |a dividendy 
100 1 |a Dvořáková, Dana